[Event "Winter Seniors"]
[Site "Winnipeg CAN"]
[Date "2025.02.07"]
[Round "4.2"]
[White "Kuryliw, Ray"]
[Black "Boron, Anthony"]
[Result "1/2-1/2"]
[WhiteElo "1862"]
[BlackElo "2031"]
[WhiteFideId "-1"]
[WhiteFideId "-1"]
[PlyCount "76"]
[GameId "2142984842367261"]
[EventDate "2025.01.17"]
[EventType "swiss"]
[EventRounds "4"]
[EventCountry "CAN"]

1. d4 d5 2. Bf4 Nf6 3. e3 c5 4. c3 Nc6 5. Nd2 cxd4 6. exd4 Qb6 7. Qb3 Bf5 8. Ngf3 h6 9. h3 e6 10. Ne5 Nxe5 11. Bxe5 Qxb3 12. axb3 Nd7 13. Bb5 a6 14. O-O Rc8 15. Bxd7+ Kxd7 16. b4 f6 17. Bg3 Bd3 18. Rfe1 Bd6 19. Bxd6 Kxd6 20. Nb3 b6 21. Re3 Bb5 22. Rae1 Rhe8 23. f4 g5 24. fxg5 hxg5 25. Nd2 Rc7 26. Nf3 Rg7 27. Nh2 Bd7 28. Ng4 Rg6 29. Rf3 f5 30. Ne5 Rg7 31. Ref1 Bb5 32. Ra1 Ra8 33. Kf2 Raa7 34. Ke3 Rh7 35. Kf2 Rh4 36. Ng6 Rh6 37. Ne5 Rh4 38. Ng6 Rh6 1/2-1/2

[Event "Winter Seniors"]
[Site "Winnipeg CAN"]
[Date "2025.02.07"]
[Round "4.3"]
[White "MacPherson, Al"]
[Black "Remillard, John"]
[Result "1/2-1/2"]
[WhiteElo "1814"]
[BlackElo "1655"]
[WhiteFideId "-1"]
[WhiteFideId "-1"]
[PlyCount "89"]
[GameId "2142984842367262"]
[EventDate "2025.01.17"]
[EventType "swiss"]
[EventRounds "4"]
[EventCountry "CAN"]

1. d4 d6 2. c4 Nf6 3. Nc3 Nbd7 4. e4 e5 5. Nf3 Be7 6. Be2 O-O 7. O-O exd4 8. Nxd4 Nc5 9. Qc2 Nfd7 10. Be3 Bf6 11. Rad1 Ne6 12. Nf5 g6 13. Ng3 Bxc3 14. Qxc3 Qf6 15. Qc1 Qe7 16. f4 Ng7 17. f5 f6 18. fxg6 hxg6 19. b3 b6 20. Bd4 Ne5 21. Bb2 Be6 22. Bd3 Rad8 23. Bb1 Kh7 24. Qe3 Rf7 25. Bc1 Rh8 26. Bb2 Kg8 27. Bxe5 fxe5 28. Bd3 Nh5 29. Rxf7 Bxf7 30. Nxh5 Rxh5 31. Rf1 Qh4 32. h3 Be6 33. Qf3 Qe7 34. Be2 Rh7 35. Qg3 g5 36. Bg4 Bxg4 37. Qxg4 Rh4 38. Qf5 Rf4 39. Rxf4 exf4 40. Qg6+ Qg7 41. Qe8+ Kh7 42. Qh5+ Kg8 43. Qe8+ Kh7 44. Qh5+ Kg8 45. Qe8+ 1/2-1/2

[Event "Winter Seniors"]
[Site "Winnipeg CAN"]
[Date "2025.02.07"]
[Round "4.4"]
[White "Maendel, Chris"]
[Black "Klokow, John"]
[Result "0-1"]
[WhiteElo "1780"]
[BlackElo "1604"]
[WhiteFideId "-1"]
[WhiteFideId "-1"]
[PlyCount "80"]
[GameId "2142984842367263"]
[EventDate "2025.01.17"]
[EventType "swiss"]
[EventRounds "4"]
[EventCountry "CAN"]

1. e4 e5 2. Nf3 Nc6 3. b3 Bc5 4. Bb2 d6 5. h3 Nf6 6. d3 a5 7. Be2 a4 8. O-O O-O 9. c3 d5 10. exd5 Nxd5 11. d4 exd4 12. cxd4 Bd6 13. Bb5 Nce7 14. Nc3 Nxc3 15. Bxc3 axb3 16. Qxb3 Nd5 17. Ne5 Nxc3 18. Qxc3 Qg5 19. Bd7 Ra3 20. Qc1 Qxc1 21. Rfxc1 Bxd7 22. Nxd7 Re8 23. Kf1 f6 24. Nc5 b6 25. Nb7 Bf4 26. Rc2 Rb8 27. g3 Rxb7 28. gxf4 Rxh3 29. Kg2 Rd3 30. Rc4 b5 31. Rb4 Ra3 32. f5 Kf7 33. Rb2 Ke7 34. Re1+ Kd6 35. Re3 Rxe3 36. fxe3 Kd5 37. Kf3 Kc4 38. a4 b4 39. Ke4 Kc3 40. Rh2 h6 0-1